| 000 | 00900nas a2200289 4500 | ||
|---|---|---|---|
| 001 | BR2013001877 | ||
| 003 | BR-BrBNA | ||
| 005 | 20231205122035.0 | ||
| 007 | ta | ||
| 008 | 230509b bl.|||p| |||| 00| 00por d | ||
| 040 |
_aBR-BrBNA _bpor _cBiblioteca Nacional de Agricultura |
||
| 041 | _a(En) | ||
| 072 | _aQ04; Q02 | ||
| 100 | 1 | _aFonseca, R.B.F. | |
| 100 | 1 | _aCarvalho, L.M.J. de | |
| 100 | 1 | _aRangel, C.N. | |
| 100 | 1 | _aBizzo, H.R. | |
| 245 | 1 | _aMicrofibers for juice analysis by solid-phase microextraction | |
| 650 | _aFRUTA CÍTRICA | ||
| 650 | _aSUCO DE FRUTA | ||
| 650 | _aEXTRAÇÃO | ||
| 650 | _aANÁLISE QUÍMICA | ||
| 773 | 0 |
_tCiência e Tecnologia de Alimentos (Brazil) _xISSN 1678-457X _g(Dec 2008), V. 28(Suplemento) p. 166-169 _wBR2013001877 |
|
| 856 | 4 | 0 | _uhttp://www.scielo.br/pdf/cta/v28s0/26.pdf |
| 909 |
_a202311 _bLúcia _c55 _dLúcia Elande |
||
| 942 |
_2AGRIS _n0 _cANA |
||
| 999 |
_c226605 _d226605 |
||